00445cam a22001452 4500001001100000005001700011008004100028040001500069050002300084100003700107245006300144260004000207300001700247651003500264000000047620151217155801.0070205s xx 000 0 eng d aKABUcKABU 0aDT449b.Z274S25S251 aSaid-Ruete, Rudolph.@000014868310aSaid bin Sultan (1791-1856) :bruler of Oman and Zanzibar. aLondon :bAlexander-Ouseley,c1929. axvii, 200 p. 0aZanzibarxHistory.@0000148679